000 00558 a2200193 4500
999 _c9979
_d9979
022 _aNo ISSN
050 _aKTL19 SOU 1970
100 _aMillar, W.J
_eeditor
245 _aRhodesian law reports:
_b1978 (4)-October
_cW.J Millar
264 _aCape Town:
_bJuta & Company,
_c1970.
300 _a387p. :
500 _aRhodesian Law Reports
650 _aLaw reports, digests, etc. -- Rhodhesia
651 _aRhodhesia
700 _aBarnett, M.
_eeditor
700 _aBuchanan
_eeditor
700 _aFisher, D. S.
_eeditor
942 _2lcc
_cSERIALS
_h19
_iSOU
_kKTL